[Event "IRI-ch U14"]
[Site "Chess.com INT"]
[Date "2021.01.16"]
[Round "1"]
[White "Amiri, Radmehr"]
[Black "Mirzaei, Mohamad Javad"]
[Result "1-0"]
[WhiteElo "1311"]
[BlackElo "1121"]
[PlyCount "63"]
[EventDate "2021.01.16"]
[EventType "swiss"]
[EventRounds "11"]
[EventCountry "IRI"]
[SourceTitle "EXT 2022"]
[Source "ChessBase"]
[SourceDate "2021.10.06"]
[SourceVersion "1"]
[SourceVersionDate "2021.10.06"]
[SourceQuality "1"]

1. e4 e5 2. Nf3 Nc6 3. Bc4 Be7 4. 0-0 Nf6 5. d3 d6 6. h3 0-0 7. Nc3 Be6 8. Bb3 h6 9. Be3 d5 10. exd5 Nxd5 11. Nxd5 Bxd5 12. Re1 Bf6 13. Bc5 Re8 14. Nd2 Bg5 15. Ne4 Bxe4 16. Rxe4 Qf6 17. Qg4 b6 18. Be3 Bxe3 19. fxe3 Rad8 20. Rf1 Qd6 21. Bxf7+ Kh7 22. Bxe8 Rxe8 23. Qf5+ Kh8 24. Qf7 Rg8 25. d4 exd4 26. Re8 Rxe8 27. Qxe8+ Kh7 28. Qe4+ Kh8 29. exd4 Nxd4 30. Rd1 c5 31. c3 Nf3+ 32. Qxf3 1-0

[Event "IRI-ch U14"]
[Site "Chess.com INT"]
[Date "2021.01.16"]
[Round "7"]
[White "Amiri, Radmehr"]
[Black "Niazi, Sobhan"]
[Result "1-0"]
[WhiteElo "1311"]
[BlackElo "1118"]
[PlyCount "115"]
[EventDate "2021.01.16"]
[EventType "swiss"]
[EventRounds "11"]
[EventCountry "IRI"]
[SourceTitle "EXT 2022"]
[Source "ChessBase"]
[SourceDate "2021.10.06"]
[SourceVersion "1"]
[SourceVersionDate "2021.10.06"]
[SourceQuality "1"]

1. b3 d5 2. Bb2 Nc6 3. e3 e5 4. Bb5 Bd6 5. Nf3 f6 6. h3 Bd7 7. 0-0 Nge7 8. c4 Be6 9. d4 e4 10. Nfd2 a6 11. Ba4 0-0 12. c5 b5 13. cxd6 cxd6 14. Nc3 bxa4 15. Nxa4 Rb8 16. Rc1 Nb4 17. a3 Nd3 18. Rc3 Rc8 19. Qc2 Rxc3 20. Bxc3 Qc7 21. Nb2 Nxb2 22. Qxb2 Rc8 23. Bb4 Qc2 24. Qxc2 Rxc2 25. Bxd6 Nf5 26. Bb4 Kf7 27. Nb1 Rb2 28. Nd2 Bd7 29. a4 Ne7 30. Rb1 Rc2 31. Nf1 Nc6 32. Bc5 Na5 33. Bb6 Nc6 34. b4 Ne7 35. b5 axb5 36. axb5 Rc8 37. Bc5 Rb8 38. b6 Rb7 39. Nd2 Nc8 40. Nb3 Bc6 41. Na5 Ne7 42. Bxe7 Kxe7 43. Nxb7 Bxb7 44. Rc1 Kd6 45. Rc7 Ba6 46. Ra7 Bc8 47. b7 Bxb7 48. Rxb7 g5 49. Rxh7 Ke6 50. Rh6 Kf5 51. h4 gxh4 52. Rxh4 Kg5 53. Rf4 Kg6 54. g4 Kg5 55. Rf5+ Kxg4 56. Rxf6 Kg5 57. Rd6 Kf5 58. Rxd5+ 1-0

[Event "IRI-ch U14"]
[Site "Chess.com INT"]
[Date "2021.01.16"]
[Round "4"]
[White "Saberi, Hirad"]
[Black "Amiri, Radmehr"]
[Result "1-0"]
[WhiteElo "1673"]
[BlackElo "1311"]
[PlyCount "121"]
[EventDate "2021.01.16"]
[EventType "swiss"]
[EventRounds "11"]
[EventCountry "IRI"]
[SourceTitle "EXT 2022"]
[Source "ChessBase"]
[SourceDate "2021.10.06"]
[SourceVersion "1"]
[SourceVersionDate "2021.10.06"]
[SourceQuality "1"]

1. e4 e5 2. Bc4 Nf6 3. d3 Bc5 4. Nc3 d6 5. f4 Nc6 6. Nf3 Bg4 7. h3 Bxf3 8. Qxf3 Nd4 9. Qg3 Nh5 10. Qg4 g6 11. Bb3 f5 12. exf5 Nxf5 13. Ne4 exf4 14. Bxf4 Nxf4 15. Nxc5 Qe7+ 16. Ne4 Qh4+ 17. g3 Ng2+ 18. Kf2 Qxg4 19. hxg4 Nfe3 20. Rhg1 Rf8+ 21. Ke2 0-0-0 22. Be6+ Kb8 23. Ng5 Rf6 24. Kd2 h6 25. Nf7 Re8 26. Bb3 Rf2+ 27. Kc3 Nxg4 28. Rgf1 Rxf1 29. Rxf1 N2e3 30. Rf4 h5 31. Rf3 Nd1+ 32. Kd2 Nde3 33. Ng5 Nf5 34. Bf7 Re5 35. Bxg6 Ne7 36. Nf7 Re6 37. Bf5 Rf6 38. Bxg4 Rxf3 39. Bxf3 Nf5 40. Bxh5 Nxg3 41. Be2 Nf5 42. Ng5 c6 43. Ne4 d5 44. Nc3 Kc7 45. Bg4 Nd4 46. a4 a6 47. Ne2 Nxe2 48. Bxe2 Kb6 49. b3 Kc5 50. Kc3 b5 51. b4+ Kb6 52. a5+ Kc7 53. Bg4 Kb7 54. Kd4 Kc7 55. Kc5 Kb7 56. Bh5 Kc7 57. Be8 Kb7 58. Bxc6+ Ka7 59. Bxd5 Kb8 60. Bc6 Kc8 61. d4 1-0